[Event "Huelva 3rd"]
[Site "Huelva"]
[Date "2023.12.26"]
[Round "1"]
[White "Padhye, Rohan"]
[Black "Fecker, Noah"]
[Result "0-1"]
[WhiteElo "2256"]
[BlackElo "2396"]
[PlyCount "114"]
[EventDate "2023.12.26"]
[EventType "tourn"]
[EventRounds "9"]
[EventCountry "ESP"]
[EventCategory "2"]
[SourceTitle "CB01_2024"]
[SourceDate "2024.01.03"]
[SourceVersion "1"]
[SourceVersionDate "2024.01.03"]
[SourceQuality "1"]

1. e4 c6 2. d4 d5 3. exd5 cxd5 4. Bd3 Nc6 5. c3 Nf6 6. Bf4 Bg4 7. Qb3 e5 8. h3 exf4 9. hxg4 Qe7+ 10. Kf1 0-0-0 11. Nd2 g5 12. Re1 Qc7 13. Ngf3 h5 14. gxh5 g4 15. Ne5 Nxe5 16. Rxe5 g3 17. f3 Bd6 18. Rxd5 Nxd5 19. Qxd5 Rh6 20. Bc4 Rf8 21. Ke2 f5 22. Bd3 Qf7 23. Qxf7 Rxf7 24. c4 b6 25. Nb1 Kd8 26. Nc3 Re7+ 27. Kd2 Reh7 28. Bxf5 Rxh5 29. Bh3 Bb4 30. d5 Re5 31. a3 Bxc3+ 32. Kxc3 Re2 33. Rd1 Re3+ 34. Kd4 Rxh3 35. gxh3 Rxf3 36. h4 g2 37. Rg1 Rf2 38. h5 f3 39. h6 Re2 40. h7 Re8 41. h8Q Rxh8 42. Ke3 Rf8 43. Kf2 Kd7 44. b4 Kd6 45. Rc1 Rf6 46. Re1 b5 47. cxb5 Kxd5 48. Rc1 Kd4 49. a4 Rh6 50. Rd1+ Ke4 51. Re1+ Kf4 52. b6 axb6 53. a5 bxa5 54. Rg1 Rh1 55. bxa5 Rxg1 56. Kxg1 Kg3 57. a6 f2# 0-1

[Event "Wch U16"]
[Site "Montesilvano"]
[Date "2023.11.21"]
[Round "8"]
[White "Aswath, S."]
[Black "Padhye, Rohan"]
[Result "1-0"]
[WhiteElo "2373"]
[BlackElo "2221"]
[PlyCount "133"]
[EventDate "2023.11.13"]
[EventType "swiss"]
[EventRounds "11"]
[EventCountry "ITA"]
[SourceTitle "CB48_2023"]
[SourceDate "2023.11.29"]
[SourceVersion "1"]
[SourceVersionDate "2023.11.29"]
[SourceQuality "1"]

1. d4 d5 2. c4 e6 3. g3 h6 4. Bg2 Nf6 5. Nf3 Bd6 6. 0-0 0-0 7. Nc3 Nc6 8. b3 Re8 9. Bb2 dxc4 10. bxc4 e5 11. d5 Na5 12. Nd2 b6 13. Qc2 Nb7 14. Rfd1 Nh7 15. Nb3 f5 16. c5 Nxc5 17. Nxc5 bxc5 18. Na4 Rb8 19. Rab1 Qe7 20. Ba3 Rxb1 21. Rxb1 c4 22. Bc1 e4 23. Qxc4 Nf6 24. Be3 a6 25. Bd4 Ng4 26. Nc5 Ne5 27. Qa4 Rf8 28. Nxa6 Ng4 29. e3 Qf7 30. Nb8 Qxd5 31. h3 Nf6 32. Rd1 Qf7 33. Bxf6 Qxf6 34. Nd7 Bxd7 35. Qxd7 Ra8 36. Bf1 Kh7 37. a4 Ra5 38. Bb5 Qg6 39. Kg2 f4 40. exf4 Bxf4 41. Qc8 Bd6 42. Rd5 Qf6 43. Rf5 Ra8 44. Qd7 Qe7 45. Qxe7 Bxe7 46. Bc6 Ra6 47. Bxe4 Kg8 48. Bc2 Bb4 49. h4 c5 50. h5 g6 51. Bb3+ Kg7 52. Rf7+ Kh8 53. Rf8+ Kh7 54. Rf7+ Kh8 55. Bc4 Rd6 56. hxg6 Rxg6 57. Rf8+ Kh7 58. a5 Bxa5 59. Ra8 Rg4 60. Bd3+ Kg7 61. Rxa5 Rd4 62. Be2 Rd5 63. Bc4 Rf5 64. Ra7+ Kh8 65. Rd7 Rf8 66. Bd3 Rf6 67. Rc7 1-0

[Event "Wch U16"]
[Site "Montesilvano"]
[Date "2023.11.16"]
[Round "4"]
[White "Bayantas, Asman"]
[Black "Padhye, Rohan"]
[Result "1-0"]
[WhiteElo "2011"]
[BlackElo "2221"]
[PlyCount "140"]
[EventDate "2023.11.13"]
[EventType "swiss"]
[EventRounds "11"]
[EventCountry "ITA"]
[SourceTitle "CB48_2023"]
[SourceDate "2023.11.29"]
[SourceVersion "1"]
[SourceVersionDate "2023.11.29"]
[SourceQuality "1"]

1. d4 d5 2. c4 e6 3. Nf3 h6 4. g3 Nf6 5. Bg2 Bd6 6. 0-0 0-0 7. b3 b6 8. Bb2 Bb7 9. Nc3 Nbd7 10. Rc1 Re8 11. Nd2 Rc8 12. e4 Nxe4 13. Ndxe4 dxe4 14. Nxe4 Bxe4 15. Bxe4 c5 16. Rc2 cxd4 17. Bxd4 Nc5 18. Bg2 e5 19. Bc3 Qc7 20. Rd2 Rcd8 21. Qh5 Kh7 22. Rfd1 g6 23. Qf3 f5 24. Qd5 e4 25. Bf6 Rd7 26. Bh3 Rf8 27. Bxf5 Rxf6 28. Bxd7 Nxd7 29. Qxe4 Ne5 30. Kg2 Nf7 31. f4 a5 32. Rd5 Qe7 33. Qxe7 Bxe7 34. Rd7 Bc5 35. Rb7 g5 36. Rf1 g4 37. h3 h5 38. Rd7 Kg6 39. Re1 Nd6 40. hxg4 hxg4 41. Re5 Nf5 42. Re8 Ne3+ 43. Kh2 Nf1+ 44. Kg2 Ne3+ 45. Kh2 Rf7 46. Re6+ Kg7 47. Rxf7+ Kxf7 48. Rc6 Nc2 49. Rh6 Nb4 50. a3 Nc2 51. b4 axb4 52. axb4 Nxb4 53. Rh4 Nc2 54. Rxg4 Ne3 55. Rg5 Nxc4 56. Kg2 Nd2 57. g4 Ne4 58. Rf5+ Kg6 59. Kf3 Nf6 60. Rg5+ Kh7 61. Re5 Kg6 62. g5 Nh5 63. Rd5 Ng7 64. Kg4 Ne8 65. Rd7 Nd6 66. Re7 Nf7 67. f5+ Kg7 68. Rb7 Kf8 69. f6 Nd6 70. Rd7 Nf7 1-0

[Event "Budapest FS08 IM"]
[Site "Budapest"]
[Date "2023.08.12"]
[Round "7"]
[White "Sihite, Chelsie Monica"]
[Black "Padhye, Rohan"]
[Result "0-1"]
[WhiteElo "2251"]
[BlackElo "2237"]
[PlyCount "68"]
[EventDate "2023.08.05"]
[EventType "tourn"]
[EventRounds "9"]
[EventCountry "HUN"]
[EventCategory "2"]
[SourceTitle "CBM 215 Extra"]
[Source "ChessBase"]
[SourceDate "2023.09.30"]
[SourceVersion "1"]
[SourceVersionDate "2023.09.30"]
[SourceQuality "1"]

1. e4 e5 2. Nf3 Nc6 3. Bc4 d6 4. 0-0 Be7 5. c3 Nf6 6. d3 Na5 7. Bb5+ Bd7 8. Bxd7+ Qxd7 9. Nbd2 Nc6 10. d4 exd4 11. Nxd4 d5 12. Nxc6 Qxc6 13. e5 Ne4 14. Nxe4 dxe4 15. Re1 0-0 16. Qc2 Rad8 17. Bf4 Rd3 18. Qe2 Rfd8 19. Qg4 g6 20. Be3 Qd5 21. Qf4 c5 22. h4 Bf8 23. h5 Bg7 24. hxg6 hxg6 25. e6 Qxe6 26. Bxc5 f5 27. a4 Be5 28. Qh6 Kf7 29. Qg5 Rh8 30. c4 b6 31. Ba3 Rxa3 32. Rxa3 Bh2+ 33. Kf1 Qxc4+ 34. Re2 Bf4 0-1

[Event "Budapest FS08 IM"]
[Site "Budapest"]
[Date "2023.08.05"]
[Round "1"]
[White "Varga, Zoltan"]
[Black "Padhye, Rohan"]
[Result "1-0"]
[WhiteElo "2363"]
[BlackElo "2237"]
[PlyCount "79"]
[EventDate "2023.08.05"]
[EventType "tourn"]
[EventRounds "9"]
[EventCountry "HUN"]
[EventCategory "2"]
[SourceTitle "CBM 215 Extra"]
[Source "ChessBase"]
[SourceDate "2023.09.30"]
[SourceVersion "1"]
[SourceVersionDate "2023.09.30"]
[SourceQuality "1"]

1. c4 e6 2. Nf3 d5 3. d4 h6 4. g3 Nf6 5. Bg2 Bd6 6. Nc3 Nc6 7. c5 Be7 8. Rb1 Ne4 9. Qc2 f5 10. b4 a5 11. a3 axb4 12. axb4 Bf6 13. Nb5 g5 14. 0-0 g4 15. Bf4 gxf3 16. exf3 Nxd4 17. Nxd4 Bxd4 18. fxe4 fxe4 19. Rbd1 e5 20. Bxe4 Qf6 21. Rxd4 exd4 22. Bxd5 Bf5 23. Qe2+ Kf8 24. Be5 Qe7 25. Re1 Rh7 26. Qf3 Qg5 27. Be6 Rf7 28. Bxf7 Kxf7 29. Bf4 Qf6 30. Bxc7 d3 31. Qxb7 d2 32. Bf4+ Kg6 33. Bxd2 Rd8 34. Bf4 Rd7 35. Qb6 Qxb6 36. cxb6 Rb7 37. Bc7 h5 38. f3 Bd7 39. Re5 Bc8 40. Kf2 1-0

[Event "Charlotte Super op"]
[Site "Charlotte"]
[Date "2023.07.12"]
[Round "6"]
[White "Sargsyan, Anna M"]
[Black "Padhye, Rohan"]
[Result "1/2-1/2"]
[WhiteElo "2359"]
[BlackElo "2136"]
[PlyCount "146"]
[EventDate "2023.07.09"]
[EventType "swiss"]
[EventRounds "9"]
[EventCountry "USA"]
[SourceTitle "CBM 215 Extra"]
[Source "ChessBase"]
[SourceDate "2023.09.30"]
[SourceVersion "1"]
[SourceVersionDate "2023.09.30"]
[SourceQuality "1"]

1. e4 e5 2. Nf3 Nc6 3. Bc4 Nf6 4. d3 Bc5 5. c3 d6 6. h3 a5 7. a4 0-0 8. 0-0 Be6 9. Bxe6 fxe6 10. d4 Bb6 11. Re1 Nh5 12. Na3 exd4 13. cxd4 e5 14. Be3 exd4 15. Nxd4 Bxd4 16. Bxd4 Nf4 17. Be3 Ne5 18. Bxf4 Rxf4 19. Nc4 Nxc4 20. Qd5+ Kh8 21. Qxc4 Qf6 22. Re2 c6 23. Qb3 Rf8 24. f3 Qe7 25. Rd2 Qg5 26. Qe3 Qe5 27. Rad1 d5 28. Qc5 b6 29. Qxc6 dxe4 30. Re2 e3 31. Rd5 Qe8 32. Qxe8 Rxe8 33. Rxe3 Rff8 34. Kf2 Kg8 35. Rd6 Rb8 36. Rb3 Rf4 37. Ra3 Rb4 38. b3 Rc8 39. Ke3 Rc3+ 40. Rd3 Rc2 41. g4 Rb2 42. h4 h5 43. gxh5 Kh7 44. Rd6 Rh2 45. h6 g6 46. Ra1 Rxb3+ 47. Kf4 Rxh4+ 48. Kg3 Rh5 49. Kg4 Kxh6 50. Rd8 Rg5+ 51. Kh4 Rb4+ 52. Kh3 Rf5 53. Kg3 Kg5 54. Rd6 Rb3 55. Rf1 Rc5 56. Re1 Rf5 57. Rf1 b5 58. axb5 Rfxb5 59. Ra6 Rf5 60. Rf2 Ra3 61. Rf1 Rf6 62. Ra7 Rf5 63. Ra6 Rf7 64. Rf2 Kh6 65. Kg4 Kg7 66. Kg3 Rf5 67. Rf1 Re3 68. Kg4 Kf7 69. Rb1 Re6 70. Rb7+ Kf6 71. Raa7 Rg5+ 72. Kf4 Rf5+ 73. Kg4 Rg5+ 1/2-1/2

[Event "Charlotte Super op"]
[Site "Charlotte"]
[Date "2023.07.10"]
[Round "2"]
[White "Hardaway, Brewington"]
[Black "Padhye, Rohan"]
[Result "1-0"]
[WhiteElo "2361"]
[BlackElo "2136"]
[PlyCount "93"]
[EventDate "2023.07.09"]
[EventType "swiss"]
[EventRounds "9"]
[EventCountry "USA"]
[SourceTitle "CBM 215 Extra"]
[Source "ChessBase"]
[SourceDate "2023.09.30"]
[SourceVersion "1"]
[SourceVersionDate "2023.09.30"]
[SourceQuality "1"]

1. e4 e5 2. Nf3 Nc6 3. Bb5 Bc5 4. c3 Nf6 5. 0-0 0-0 6. d4 Bb6 7. Bg5 d6 8. Bxc6 bxc6 9. dxe5 dxe5 10. Qa4 Qd6 11. Nbd2 Nd7 12. Nc4 Qe6 13. Be3 f6 14. Rfd1 Nc5 15. Bxc5 Bxc5 16. Na5 f5 17. exf5 Rxf5 18. Rd8+ Kf7 19. Qe4 Bd6 20. Nxc6 Qf6 21. Rxd6 cxd6 22. Ncxe5+ dxe5 23. Qxa8 Qa6 24. Qd5+ Qe6 25. Qc5 Kg8 26. Rd1 Rf8 27. Qd5 e4 28. Ng5 Qxd5 29. Rxd5 Re8 30. Rd4 Bf5 31. f3 e3 32. Kf1 Rb8 33. b3 Bb1 34. Ke2 Bxa2 35. b4 Rc8 36. Ne4 Bb1 37. Nc5 Re8 38. Rd7 a6 39. Rd6 a5 40. bxa5 Ba2 41. Rd4 Re5 42. Ra4 Bf7 43. Ne4 Be8 44. Ra1 Bb5+ 45. Kxe3 Ba6 46. Kd4 Rb5 47. Nc5 1-0

[Event "Charlotte Super op"]
[Site "Charlotte"]
[Date "2023.07.09"]
[Round "1"]
[White "Padhye, Rohan"]
[Black "Atanasov, Anthony"]
[Result "1/2-1/2"]
[WhiteElo "2136"]
[BlackElo "2367"]
[PlyCount "86"]
[EventDate "2023.07.09"]
[EventType "swiss"]
[EventRounds "9"]
[EventCountry "USA"]
[SourceTitle "CBM 215 Extra"]
[Source "ChessBase"]
[SourceDate "2023.09.30"]
[SourceVersion "1"]
[SourceVersionDate "2023.09.30"]
[SourceQuality "1"]

1. e4 e5 2. Nf3 Nf6 3. d4 Nxe4 4. Bd3 d5 5. Nxe5 Nd7 6. Nc3 Nxe5 7. dxe5 Bb4 8. 0-0 Nxc3 9. bxc3 Bxc3 10. Rb1 0-0 11. Bxh7+ Kxh7 12. Qd3+ Kg8 13. Qxc3 a5 14. Qg3 Ra6 15. Bg5 Qd7 16. f4 Qf5 17. Rb3 Rg6 18. Qf2 Qe4 19. h4 Rc6 20. Qg3 Rxc2 21. Bf6 Qh7 22. Qg5 Qg6 23. Rg3 gxf6 24. exf6 Rd8 25. Rff3 Kh8 26. Qe5 Rc1+ 27. Kh2 Qb1 28. Qh5+ Qh7 29. Rg5 Rc6 30. Re3 Rxf6 31. Qe2 Be6 32. Rh5 Rh6 33. Ree5 Kg8 34. Reg5+ Kf8 35. f5 Bc8 36. f6 Be6 37. Qe5 Rd6 38. Rxh6 Qxh6 39. Rh5 Qxh5 40. Qxh5 Ke8 41. Qe2 d4 42. Qb5+ Kd8 43. Qd3 Rd5 1/2-1/2

[Event "Philadelphia int op 14th"]
[Site "Philadelphia"]
[Date "2021.06.29"]
[Round "7"]
[White "Padhye, Rohan"]
[Black "De la Colina, Nicolas"]
[Result "1/2-1/2"]
[WhiteElo "1876"]
[BlackElo "1969"]
[PlyCount "92"]
[EventDate "2021.06.26"]
[EventType "swiss"]
[EventRounds "9"]
[EventCountry "USA"]
[SourceTitle "CBM 203 Extra"]
[Source "ChessBase"]
[SourceDate "2021.09.30"]
[SourceVersion "1"]
[SourceVersionDate "2021.09.30"]
[SourceQuality "1"]

1. e4 c5 2. Nf3 Nc6 3. d4 cxd4 4. Nxd4 g6 5. c4 Bg7 6. Be3 Nf6 7. Nc3 Ng4 8. Qxg4 Nxd4 9. Qd1 Ne6 10. Rc1 Qa5 11. Bd3 b6 12. 0-0 Bb7 13. f4 0-0 14. Bb1 d6 15. f5 Nc5 16. Qg4 Rad8 17. Qh4 Bf6 18. Bg5 Nd7 19. Nd5 Bxd5 20. exd5 Bxg5 21. Qxg5 f6 22. Qh6 g5 23. h4 Ne5 24. hxg5 Qc5+ 25. Kh1 Qe3 26. Rce1 Qxg5 27. Qxg5+ fxg5 28. Rxe5 dxe5 29. Re1 Kf7 30. Rxe5 Rd6 31. g3 Rc8 32. Bd3 a5 33. a4 Kf6 34. Re2 Rh8 35. Kg2 h5 36. Kf3 h4 37. g4 h3 38. Rh2 Ke5 39. Ke3 Rh4 40. Be2 Rd8 41. Bf3 Rc8 42. Be2 Rc7 43. Kf3 Kd4 44. b3 Rc8 45. Bd1 Rf8 46. Kg3 Kc3 1/2-1/2

[Event "World op 48th"]
[Site "ICC INT"]
[Date "2020.08.07"]
[Round "2"]
[White "Padhye, Rohan"]
[Black "Xie, Bryan"]
[Result "1-0"]
[WhiteElo "1716"]
[BlackElo "2050"]
[PlyCount "141"]
[EventDate "2020.08.07"]
[EventType "swiss"]
[EventRounds "9"]
[EventCountry "USA"]
[SourceTitle "CBM 197 Extra"]
[Source "ChessBase"]
[SourceDate "2020.09.30"]
[SourceVersion "1"]
[SourceVersionDate "2020.09.30"]
[SourceQuality "1"]

1. e4 c5 2. Nf3 Nc6 3. d4 cxd4 4. Nxd4 g6 5. c4 Nf6 6. Nc3 d6 7. Be2 Nxd4 8. Qxd4 Bg7 9. Be3 0-0 10. Qd2 Be6 11. Rc1 Qa5 12. 0-0 Rfc8 13. b3 a6 14. Nd5 Qxd2 15. Bxd2 Bxd5 16. exd5 Ne4 17. Be1 b5 18. f3 Bd4+ 19. Kh1 Nf6 20. Rd1 Be3 21. Bg3 Nh5 22. Bf2 Nf4 23. Bxe3 Nxe2 24. Rd2 Nc3 25. Rc1 b4 26. a3 a5 27. a4 Rab8 28. Rdc2 Rb7 29. Bd4 Rcb8 30. Re1 Kf8 31. Re3 Nd1 32. Rd3 Nc3 33. Bxc3 bxc3 34. Rcxc3 Ke8 35. Kg1 Kd7 36. Kf2 Rc8 37. Ke2 Rbc7 38. Rd4 Rb7 39. Kd2 Rcb8 40. Kc2 Rc8 41. Rf4 f6 42. Re4 Rbb8 43. Re6 Rb7 44. Rce3 Re8 45. f4 Rbb8 46. g4 Rbc8 47. f5 g5 48. Rh3 Rh8 49. Rh6 Rb8 50. Re3 Rbg8 51. Rc3 Rg7 52. c5 dxc5 53. Rxc5 Rc8 54. Rc4 Rxc4+ 55. bxc4 Kd6 56. Kc3 Kc5 57. Rh3 Rf7 58. Re3 Kd6 59. Kd4 h5 60. gxh5 g4 61. c5+ Kc7 62. Rxe7+ Rxe7 63. d6+ Kd7 64. dxe7 Kxe7 65. h6 Kf7 66. c6 Kg8 67. c7 Kh7 68. c8Q Kxh6 69. Qg8 Kh5 70. Qg6+ Kh4 71. Qh6# 1-0

[Event "PNWCC Online Masters WOO"]
[Site "Chess.com INT"]
[Date "2020.07.06"]
[Round "9"]
[White "Padhye, Rohan"]
[Black "Yang, Alexander Z"]
[Result "0-1"]
[WhiteElo "1716"]
[BlackElo "1630"]
[PlyCount "168"]
[EventDate "2020.07.04"]
[EventType "swiss (rapid)"]
[EventRounds "9"]
[EventCountry "USA"]
[SourceTitle "CBM 197 Extra"]
[Source "ChessBase"]
[SourceDate "2020.09.30"]
[SourceVersion "1"]
[SourceVersionDate "2020.09.30"]
[SourceQuality "1"]

1. e4 c5 2. Nf3 d6 3. d4 cxd4 4. Nxd4 Nf6 5. Nc3 a6 6. h4 e6 7. g4 b5 8. g5 Nfd7 9. a3 Be7 10. Be3 Bb7 11. Bh3 Qc8 12. Qh5 g6 13. Qe2 Nc6 14. 0-0-0 Nce5 15. h5 Rg8 16. hxg6 hxg6 17. Bg2 Nc4 18. Nb1 Nc5 19. b3 Nxe3 20. Qxe3 e5 21. Ne2 Qg4 22. Bf3 Qxg5 23. Qxg5 Bxg5+ 24. Kb2 Bxe4 25. Bxe4 Nxe4 26. Rhf1 Be7 27. Nbc3 Nxc3 28. Nxc3 f5 29. Nd5 Kf7 30. Rh1 Rh8 31. Nc7 Rxh1 32. Rxh1 Ra7 33. Rh7+ Kf6 34. Nd5+ Ke6 35. c4 bxc4 36. bxc4 Rd7 37. Rg7 g5 38. Rh7 Rb7+ 39. Kc2 g4 40. Rh6+ Kf7 41. Rh7+ Kf8 42. Kd3 Ra7 43. a4 a5 44. Ke2 Rb7 45. Kd3 f4 46. Ke4 g3 47. fxg3 fxg3 48. Rh8+ Kg7 49. Rh3 Rb3 50. Nxe7 g2 51. Nf5+ Kg8 52. Ne7+ Kf8 53. Rh8+ Kxe7 54. Rg8 Rb4 55. Kd5 Rxa4 56. Rxg2 Ra1 57. Rg7+ Kf6 58. Ra7 Rd1+ 59. Kc6 e4 60. Rxa5 e3 61. Ra2 Kf5 62. c5 Rd2 63. Ra8 e2 64. Re8 dxc5 65. Kxc5 Kf4 66. Kc4 Kf3 67. Kc3 Rd1 68. Rf8+ Kg4 69. Rg8+ Kh5 70. Rh8+ Kg6 71. Re8 e1Q+ 72. Rxe1 Rxe1 73. Kd2 Re8 74. Kd3 Kf5 75. Kd4 Re7 76. Kd3 Kf4 77. Kd2 Kf3 78. Kd1 Re2 79. Kc1 Ke3 80. Kd1 Kd3 81. Kc1 Rh2 82. Kb1 Kc3 83. Ka1 Kb3 84. Kb1 Rh1# 0-1

[Event "PNWCC Online Masters WOO"]
[Site "Chess.com INT"]
[Date "2020.07.05"]
[Round "4.37"]
[White "Padhye, Rohan"]
[Black "Metpally, Jason"]
[Result "1-0"]
[WhiteElo "1716"]
[BlackElo "2204"]
[PlyCount "85"]
[EventDate "2020.07.04"]
[EventType "swiss (rapid)"]
[EventRounds "9"]
[EventCountry "USA"]
[SourceTitle "CBM 197 Extra"]
[Source "ChessBase"]
[SourceDate "2020.09.30"]
[SourceVersion "1"]
[SourceVersionDate "2020.09.30"]
[SourceQuality "1"]

1. e4 e5 2. Nf3 Nc6 3. Bc4 Bc5 4. 0-0 Nf6 5. d3 d6 6. c3 a6 7. a4 Ba7 8. Nbd2 0-0 9. h3 h6 10. Re1 Ne7 11. Nf1 b5 12. Bb3 Bb7 13. Bc2 Ng6 14. Ng3 Re8 15. d4 exd4 16. cxd4 c5 17. axb5 axb5 18. dxc5 Bxc5 19. Rxa8 Qxa8 20. Qd3 Bc6 21. Bd2 d5 22. exd5 Rxe1+ 23. Nxe1 Nxd5 24. Ne4 Bb6 25. Nd6 Qf8 26. Ne4 Qe7 27. Qf3 Kh8 28. Qf5 Bb7 29. Nf3 Nc7 30. Bc3 b4 31. Ne5 Nxe5 32. Bxe5 Qe6 33. Ng3 Qxf5 34. Nxf5 Ne6 35. Nxh6 f6 36. Nf7+ Kg8 37. Nd6 fxe5 38. Nxb7 Nd4 39. Be4 Kf8 40. Nd6 Ke7 41. Nc8+ Kd8 42. Nxb6 Kc7 43. Nd5+ 1-0

[Event "PNWCC Online Masters"]
[Site "Chess.com INT"]
[Date "2020.05.24"]
[Round "4.25"]
[White "Morefield, Jason P"]
[Black "Padhye, Rohan"]
[Result "1-0"]
[WhiteElo "2227"]
[BlackElo "1716"]
[PlyCount "109"]
[EventDate "2020.05.23"]
[EventType "swiss (rapid)"]
[EventRounds "9"]
[EventCountry "USA"]
[SourceTitle "CBM 196 Extra"]
[Source "ChessBase"]
[SourceDate "2020.07.31"]
[SourceVersion "1"]
[SourceVersionDate "2020.07.31"]
[SourceQuality "1"]

1. d4 d5 2. c4 c6 3. Nf3 Nf6 4. e3 Bf5 5. Nc3 e6 6. Nh4 Be4 7. f3 Bg6 8. Qb3 Qc7 9. Bd2 Bd6 10. g3 Nbd7 11. Rc1 Bh5 12. cxd5 exd5 13. Nb5 Bxg3+ 14. Ke2 Qb6 15. hxg3 Qxb5+ 16. Qxb5 cxb5 17. Bb4 a5 18. Bd6 Ne4 19. Nf5 Nxd6 20. Nxd6+ Ke7 21. Nxb5 Bg6 22. Nc7 Rac8 23. Nxd5+ Kd6 24. Rxc8 Rxc8 25. Nc3 Nb6 26. Kd2 Nc4+ 27. Bxc4 Rxc4 28. Rc1 Kd7 29. Nd5 Rxc1 30. Kxc1 f6 31. Kd2 Bf7 32. Nc3 Kc6 33. a3 h5 34. e4 Bc4 35. b4 axb4 36. axb4 g5 37. Ke3 Kd6 38. f4 Ke6 39. d5+ Kd6 40. Kd4 Bf1 41. e5+ fxe5+ 42. fxe5+ Ke7 43. d6+ Kd7 44. Ne4 h4 45. Nc5+ Kd8 46. Nxb7+ Kc8 47. Nc5 h3 48. e6 Bg2 49. Ke5 Kd8 50. e7+ Ke8 51. Kf6 Bc6 52. d7+ Bxd7 53. Nxd7 h2 54. Ke6 h1Q 55. Nf6# 1-0

[Event "Pan American-ch U12"]
[Site "Guayaquil"]
[Date "2019.07.26"]
[Round "8"]
[White "Padhye, Rohan"]
[Black "Rodriguez Pantoja, Obel"]
[Result "1-0"]
[WhiteElo "1628"]
[BlackElo "1715"]
[PlyCount "131"]
[EventDate "2019.07.21"]
[EventType "swiss"]
[EventRounds "9"]
[EventCountry "ECU"]
[SourceTitle "EXT 2020"]
[Source "ChessBase"]
[SourceDate "2019.10.17"]
[SourceVersion "1"]
[SourceVersionDate "2019.10.17"]
[SourceQuality "1"]

1. e4 e6 2. d4 d5 3. e5 c5 4. c3 Qb6 5. Nf3 Nc6 6. a3 c4 7. Nbd2 Na5 8. Rb1 Bd7 9. g3 Nb3 10. Nxb3 Ba4 11. Nfd2 Ne7 12. Qe2 Bxb3 13. Nxb3 Qxb3 14. Bf4 Ng6 15. Qd1 Qxd1+ 16. Kxd1 Nxf4 17. gxf4 g6 18. Ke2 Rc8 19. Kf3 h5 20. h4 Rc6 21. b4 b5 22. Be2 Bh6 23. a4 bxa4 24. Ra1 Ra6 25. Ra3 0-0 26. Rg1 Rb8 27. Rga1 f6 28. Rxa4 Rxa4 29. Rxa4 fxe5 30. fxe5 Rf8+ 31. Kg3 Bd2 32. Ra3 Be1 33. Bf3 Rf7 34. Kg2 Bd2 35. Kg3 Kh7 36. Be2 Be1 37. Bf3 Kh6 38. Kg2 g5 39. Ra6 Re7 40. Bxd5 Bxc3 41. Bxe6 gxh4 42. Bxc4+ Kg7 43. Rd6 Bxb4 44. Rd8 Bc3 45. e6 Kf6 46. d5 Rg7+ 47. Kh3 Be5 48. d6 Bxd6 49. Rxd6 Rg4 50. Rc6 Rg7 51. Kxh4 Kf5 52. Bd3+ Ke5 53. Kxh5 Kd5 54. Ra6 Re7 55. Bg6 Ke5 56. Kg5 Kd5 57. f4 Kc5 58. f5 Rb7 59. f6 Kb4 60. e7 Rb5+ 61. Bf5 Rb8 62. f7 Kb5 63. Rxa7 Kb6 64. Rd7 Ka5 65. Rd8 Rb7 66. Bd7 1-0

[Event "Pan American-ch U12"]
[Site "Guayaquil"]
[Date "2019.07.25"]
[Round "7"]
[White "Garzon Zapatanga, Christopher Leonel"]
[Black "Padhye, Rohan"]
[Result "1/2-1/2"]
[WhiteElo "1406"]
[BlackElo "1628"]
[PlyCount "86"]
[EventDate "2019.07.21"]
[EventType "swiss"]
[EventRounds "9"]
[EventCountry "ECU"]
[SourceTitle "EXT 2020"]
[Source "ChessBase"]
[SourceDate "2019.10.17"]
[SourceVersion "1"]
[SourceVersionDate "2019.10.17"]
[SourceQuality "1"]

1. e4 e5 2. Nf3 Nc6 3. d4 exd4 4. Bc4 Bc5 5. c3 Nf6 6. e5 d5 7. Bb5 Ne4 8. cxd4 Bb6 9. h3 0-0 10. 0-0 f6 11. Bxc6 bxc6 12. Nc3 fxe5 13. Nxe5 Ba6 14. Nxe4 dxe4 15. Qb3+ Qd5 16. Qxd5+ cxd5 17. Rd1 Rfe8 18. Be3 Re6 19. a4 Ba5 20. Rdc1 Bb7 21. Rab1 c6 22. b4 Bc7 23. Nd7 Bd6 24. Nc5 Bxc5 25. dxc5 Rd8 26. Bd4 a6 27. b5 axb5 28. axb5 Ra8 29. bxc6 Bxc6 30. Ra1 Ree8 31. Kh2 g6 32. Kg3 Kf7 33. Rcb1 Ke7 34. Rb6 Kd7 35. Raa6 Rxa6 36. Rxa6 Kc7 37. f4 exf3 38. gxf3 g5 39. Kg4 h6 40. Bg7 Rg8 41. Be5+ Kd7 42. Bd6 d4 43. Kf5 Ra8 1/2-1/2

[Event "Pan American-ch U12"]
[Site "Guayaquil"]
[Date "2019.07.22"]
[Round "2"]
[White "Padhye, Rohan"]
[Black "Cargua Inca, Andres Mateo"]
[Result "1-0"]
[WhiteElo "1628"]
[BlackElo "1095"]
[PlyCount "88"]
[EventDate "2019.07.21"]
[EventType "swiss"]
[EventRounds "9"]
[EventCountry "ECU"]
[SourceTitle "EXT 2020"]
[Source "ChessBase"]
[SourceDate "2019.10.17"]
[SourceVersion "1"]
[SourceVersionDate "2019.10.17"]
[SourceQuality "1"]

1. e4 e6 2. d4 d5 3. e5 c5 4. c3 Nc6 5. Nf3 Nge7 6. a3 Nf5 7. b4 cxd4 8. cxd4 Qb6 9. Be3 Bd7 10. Bd3 Be7 11. 0-0 Rc8 12. Bxf5 exf5 13. Qd3 Be6 14. Nc3 h6 15. Nd2 g5 16. Na4 Qd8 17. f4 g4 18. Rfc1 h5 19. Nf1 h4 20. Bd2 Kf8 21. Ne3 Rh5 22. Rc3 a6 23. Nc5 Qc7 24. Rac1 Kg7 25. Nxa6 bxa6 26. Qxa6 Qa7 27. Rxc6 Qxd4 28. Rxc8 Bxc8 29. Qe2 Ba6 30. Qf2 Qe4 31. Nc2 Rh6 32. Nd4 h3 33. b5 Bb7 34. Rc7 Bh4 35. g3 Bxg3 36. Qxg3 Qxd4+ 37. Qe3 Qa1+ 38. Qe1 Qxe1+ 39. Bxe1 Rb6 40. e6 Rxe6 41. Bc3+ Kg6 42. Rxb7 Re2 43. b6 Rg2+ 44. Kh1 Rc2 1-0